000 00331nam a2200145Ia 4500
003 OSt
008 191201s2010 xx 000 0 und d
082 _a635
_bDAW
100 _aDANDEKAR,M.M.
245 0 _aWater power Engineering
260 _aNew Delhi
_bVikas Pub
_c2010
300 _a451
650 _aB.Tech(CE)
942 _2ddc
_cBK
999 _c6327
_d6327